The American ephemeris and nautical almanac for the year 1974 (Record no. 4484)

MARC details
000 -LEADER
fixed length control field 00621nam a2200193Ia 4500
003 - CONTROL NUMBER IDENTIFIER
control field IN-BaIIA
008 - FIXED-LENGTH DATA ELEMENTS--GENERAL INFORMATION
fixed length control field 211028s9999 xx 000 0 eng d
040 ## - CATALOGING SOURCE
Transcribing agency IIA Library
080 ## - UNIVERSAL DECIMAL CLASSIFICATION NUMBER
Universal Decimal Classification number 059:52
Item number AMP-75
110 ## - MAIN ENTRY--CORPORATE NAME
Corporate name or jurisdiction name as entry element United States. Department of Navy
9 (RLIN) 7825
245 #4 - TITLE STATEMENT
Title The American ephemeris and nautical almanac for the year 1974
Statement of responsibility, etc. Department of Navy
260 ## - PUBLICATION, DISTRIBUTION, ETC.
Place of publication, distribution, etc. Washington
Name of publisher, distributor, etc. U. S. Government Printing Office
Date of publication, distribution, etc. 1974
300 ## - PHYSICAL DESCRIPTION
Extent vii, 562p.
500 ## - GENERAL NOTE
General note In India distrubuted by K Krishnamurthy, Madras
650 ## - SUBJECT ADDED ENTRY--TOPICAL TERM
Topical term or geographic name entry element Almanacs
650 ## - SUBJECT ADDED ENTRY--TOPICAL TERM
Topical term or geographic name entry element Astronomy and Astrophysics Thesaurus
650 ## - SUBJECT ADDED ENTRY--TOPICAL TERM
Topical term or geographic name entry element Ephemeris
942 ## - ADDED ENTRY ELEMENTS (KOHA)
Koha item type Books
Holdings
Withdrawn status Lost status Damaged status Not for loan Home library Current library Shelving location Date acquired Total Checkouts Full call number Barcode Date last seen Price effective from Koha item type
        IIA Library-Bangalore IIA Library-Kavalur General Stacks 26/08/1974   059:52/ AMP-75 5007 05/11/2021 26/08/1974 Books

Powered by Koha